00781cam a2200253 a 45000010008000000030004000080050017000120080041000290100017000700200015000870400018001020430012001200500020001320820019001521000019001712450040001902600059002303000029002895040056003186500032003746500049004066510037004556510035004923418010OSt20210112150639.0900307s1990 mnua b 000 0 eng  a 90070296  a089066174X aDLCcDLCdDLC an-us---00aBR481b.S4 199000a277.3/08292201 aSciacca, Fran.10aGeneration at risk /cFran Sciacca. aMinneapolis, Minn. :bWorld Wide Publications,cc1990. a223 p. :bill. ;c24 cm. aIncludes bibliographical references (p. [221]-223). 0aChristianityy20th century. 0aYouthzUnited StatesxHistoryy20th century. 0aUnited StatesxMoral conditions. 0aUnited StatesxReligiony1960-